Statistics for Harry Potter or Lord of the Rings?

Click here to take the quiz!

General Stats

  • This quiz has been taken 322 times
  • The average score is 7 of 10

Answer Stats

QuestionAnswer% Correct
The hero is guided by a wise wizard with a long beardBoth
88%
The hero can do magicHarry Potter
88%
Author is BritishBoth
79%
The hero encounters a giant spider who tries and attack himBoth
78%
Author wrote other books about the same universe to expand itBoth
73%
Author created several languages with grammar and extensive vocabulary for their universeLord of the Rings
72%
The hero is an orphanBoth
65%
The hero is played by a British actor in the most-widely known cinema adaptation of the seriesHarry Potter
59%
All the books were written in the 1900s (XXth century)Lord of the Rings
54%
At least one of the movie adaptations won some Academy AwardsLord of the Rings
46%

Score Distribution

Percentile by Number Answered

Percent of People with Each Score

Your Score History

You have not taken this quiz